NBA Starting Lineups 2025-26 - Statistics

General Stats
  • This quiz has been taken 541 times
  • The average score is 89 of 150
Answer Stats
Hint Answer % Correct
HawksPG Trae Young
96%
SF Jaylen Brown
89%
CelticsPG Derrick White
87%
SG Coby White
86%
HornetsPG LaMelo Ball
85%
SG Donovan Mitchell
83%
PF Jalen Johnson
83%
C Mark Williams
83%
WarriorsPG Stephen Curry
83%
PF Anthony Davis
82%
PF Giannis Antetokounmpo
82%
SF Jalen Williams
82%
NuggetsPG Jamal Murray
82%
PF Draymond Green
81%
C Nikola Jokic
81%
SF Cameron Johnson
80%
SG Jalen Green
80%
SG Anthony Edwards
79%
PF Bam Adebayo
79%
PistonsPG Cade Cunningham
79%
PF LeBron James
79%
ThunderPG Shai Gilgeous-Alexander
79%
SG Amen Thompson
78%
SF Ausar Thompson
78%
SG Klay Thompson
78%
LakersPG Luka Doncic
78%
C Jalen Duren
77%
C Kristaps Porzingis
77%
CavaliersPG Darius Garland
76%
ClippersPG James Harden
76%
PF Jayson Tatum
76%
C Joel Embiid
76%
KnicksPG Jalen Brunson
75%
GrizzliesPG Ja Morant
75%
SF Kevin Durant
75%
MavericksPG Kyrie Irving
75%
HeatPG Tyler Herro
75%
SF Cooper Flagg
74%
76ersPG Tyrese Maxey
74%
PF Evan Mobley
73%
C Jarrett Allen
73%
PF Miles Bridges
73%
SG Austin Reaves
72%
PF Chet Holmgren
72%
SF Jimmy Butler III
72%
SF Kawhi Leonard
72%
PF Michael Porter Jr.
72%
SG Mikal Bridges
72%
C Rudy Gobert
72%
C Victor Wembanyama
72%
PF Zion Williamson
72%
PF Aaron Gordon
71%
SunsPG Devin Booker
71%
SG Dyson Daniels
71%
PF Karl-Anthony Towns
71%
BucksPG Kevin Porter Jr.
71%
PacersPG Tyrese Haliburton
71%
C Alperen Sengun
70%
SpursPG De'Aaron Fox
70%
PF Jaren Jackson Jr.
70%
PF Paolo Banchero
70%
BullsPG Josh Giddey
69%
C Deandre Ayton
68%
C Ivica Zubac
68%
C Myles Turner
68%
PF Paul George
68%
SG Cameron Thomas
67%
SF Franz Wagner
67%
C Isaiah Hartenstein
67%
PF Pascal Siakam
66%
PF Harrison Barnes
65%
PF Scottie Barnes
65%
SG Desmond Bane
64%
TimberwolvesPG Mike Conley
64%
PF Julius Randle
63%
PF DeMar Derozan
62%
C Dereck Lively II
62%
C Nikola Vucevic
62%
RocketsPG Fred VanVleet
61%
SF Jaden McDaniels
61%
SG Jrue Holiday
61%
SG Luguentz Dort
61%
SF Zach LaVine
61%
SG Brandon Miller
60%
C Domantas Sabonis
60%
PF Jabari Smith Jr.
60%
PF Lauri Markkanen
60%
SG Andrew Nembhard
59%
Trail BlazersPG Damian Lillard
59%
SF Rui Hachimura
59%
SG Anfernee Simons
58%
SG Christian Braun
58%
C Isaiah Jackson
58%
PelicansPG Jordan Poole
58%
C Nicolas Claxton
57%
SF Brandon Ingram
56%
MagicPG Jalen Suggs
56%
C Mitchell Robinson
56%
SG Stephon Castle
56%
C Al Horford
55%
SF OG Anunoby
53%
PF Tobias Harris
52%
SF Zaccharie Risacher
52%
SF Andrew Wiggins
50%
SF Kyle Kuzma
50%
SG Bradley Beal
49%
PF Dillon Brooks
48%
C Wendell Carter Jr.
48%
C Alexandre Sarr
47%
SG Jaden Ivey
47%
SF Khris Middleton
47%
SG Norman Powell
47%
SF Herbert Jones
46%
SF Aaron Nesmith
45%
SG C.J. McCollum
45%
SF Deni Avdija
45%
SF V.J. Edgecombe
45%
C Kel'el Ware
44%
C Neemias Queta
44%
C Walker Kessler
44%
PF John Collins
43%
PF Matas Buzelis
43%
SF De'Andre Hunter
41%
C Jakob Poeltl
40%
SG R.J. Barrett
40%
SF Devin Vassell
39%
RaptorsPG Immanuel Quickley
39%
SF Kon Knueppel
37%
C Donovan Clingan
36%
NetsPG Egor Demin
35%
SG Kentavious Caldwell-Pope
32%
SG Gary Trent Jr.
30%
SG Ace Bailey
29%
SG Moses Moody
29%
SG Trey Murphy III
29%
KingsPG Dennis Schroder
28%
SG Quentin Grimes
28%
C Yves Missi
28%
PF Toumani Camara
27%
SF Isaac Okoro
25%
SF Ryan Dunn
25%
JazzPG Isaiah Collier
23%
SF Jaylen Wells
23%
PF Bilal Coulibaly
21%
SG Keon Ellis
21%
WizardsPG Bub Carrington
20%
SF Terance Mann
20%
C Moussa Diabate
18%
C Jock Landale
8%
SF Taylor Hendricks
6%
No matching quizzes found
Score Distribution
Percent of People with Each Score
Percentile by Number Answered
Your Score History
You have not taken this quiz